Statistiche per Classifica Marcatori Serie A 2001-2002

Clicka qui per fare il quiz!

Statistiche generali

  • Questo quiz è stato fatto 23 volte
  • Il punteggio medio è 11 su 16

Statistiche sulle risposte

GolNazioneSquadraCalciatore% Corretto
14UcrainaMilanAndrij Ševčenko
100%
16ItaliaJuventusAlessandro Del Piero
95%
24FranciaJuventusDavid Trezeguet
95%
11ItaliaBresciaRoberto Baggio
91%
22ItaliaInterChristian Vieri
86%
13ArgentinaLazioHernán Crespo
82%
13ItaliaRomaVincenzo Montella
82%
24ItaliaPiacenzaDario Hübner
77%
12RomaniaHellas VeronaAdrian Mutu
68%
16ItaliaAtalantaCristiano Doni
59%
11UruguayLecceErnesto Chevantón
55%
20ItaliaParmaMarco Di Vaio
55%
13ItaliaBresciaLuca Toni
50%
18ItaliaVeneziaFilippo Maniero
45%
14ItaliaUdineseRoberto Muzzi
41%
13ItaliaChievoMassimo Marazzina
27%

Distribuzione punteggi

Percentile per numero di risposta

Percentuale di utenti per punteggio

I tuoi punteggi nel tempo

Non hai fatto questo quiz